| 000 | 02252nam a2200349 a 4500 | ||
|---|---|---|---|
| 001 | ebr10670966 | ||
| 003 | CaPaEBR | ||
| 006 | m u | ||
| 007 | cr cn||||||||| | ||
| 008 | 101015s2011 nyua sb 001 0 eng d | ||
| 010 | _z 2010043905 | ||
| 020 | _z9781611228915 (hardcover) | ||
| 020 | _z9781613247518 (e-book) | ||
| 040 |
_aCaPaEBR _cCaPaEBR |
||
| 035 | _a(OCoLC)830627797 | ||
| 050 | 1 | 4 |
_aQP572.L48 _bL47 2011eb |
| 082 | 0 | 4 |
_a612.4 _222 |
| 245 | 0 | 0 |
_aLeptin _h[electronic resource] : _bhormonal functions, dysfunctions and clinical uses / _cRose M. Hemling and Arthur T. Belkin, editors. |
| 260 |
_aNew York : _bNova Science Publishers, _c2011. |
||
| 300 |
_axiii, 299 p. : _bill. |
||
| 490 | 1 | _aCell biology research progress | |
| 504 | _aIncludes bibliographical references and index. | ||
| 505 | 0 | _aInterplay of leptin with the stress system components / George Soulis, Efthymia Kitraki -- The effect of drugs on leptin metabolism / Irem Fatma Uludag, Izmir Tepecik -- Leptin : a novel therapeutic target in the fight against neuro-degeneration? / G.H. Doherty -- Role of leptin in the activation of the immune system / Patricia Fern�andez-Riejos ... [et al.] -- Role of leptin in the mammary gland development, lactation, and in neonatal physiology / Mario Baratta -- Gender difference in leptin production and leptin sensitivity / Haife Shi -- The role and application of leptin in control of female reproductive functions / Alexander V. Sirotkin -- Risk of primary hypogonadism in patients with OSA due to high leptin levels / Madalina Miniciu Macrea, Leon Zagrean -- Neonatal leptin surge / Takashi Higuchi -- Adipokines in human pregnancy : the role of leptin and adiponectin / Shali Mazaki-Tovi ... [et al.]. | |
| 533 |
_aElectronic reproduction. _bPalo Alto, Calif. : _cebrary, _d2013. _nAvailable via World Wide Web. _nAccess may be limited to ebrary affiliated libraries. |
||
| 650 | 0 | _aLeptin. | |
| 655 | 7 |
_aElectronic books. _2local |
|
| 700 | 1 | _aHemling, Rose M. | |
| 700 | 1 | _aBelkin, Arthur T. | |
| 710 | 2 | _aebrary, Inc. | |
| 830 | 0 | _aCell biology research progress. | |
| 856 | 4 | 0 |
_uhttp://site.ebrary.com/lib/rucke/Doc?id=10670966 _zAn electronic book accessible through the World Wide Web; click to view |
| 999 |
_c61931 _d61931 |
||